General Knowledge Sports #7 - Statistics

General Stats
  • This quiz has been taken 77 times
  • The average score is 4 of 10
Answer Stats
Question Answer % Correct
How many Super Bowl titles do the Dallas Cowboys have(as of 2014)? 5
87%
Who won the 2013-2014 NFL MVP award? Peyton Manning
75%
Who is the most recent MLB Triple Crown Winner? Miguel Cabrera
56%
Who won the 2013 NCCA Basketball Championship? Louisville
35%
Who was the first pick in the 2012 NBA Draft? Anthony Davis
31%
Who hosted the 1988 Summer Olympics? Seoul, South Korea
29%
What is the name of the Minnesota Twins stadium? Target Field
29%
Who won the first ever Super Bowl MVP award? Bart Starr
28%
What is the name of the Philadelphia Eagles stadium? Lincoln Financial Field
28%
What city is hosting the 2014 NCAA Basketball Final Four? Dallas
26%
No matching quizzes found
Score Distribution
Percent of People with Each Score
Percentile by Number Answered
Your Score History
You have not taken this quiz